000 00841nam a2200253Ia 4500
003 OSt
005 20220923211521.0
006 a|||||r|||| 00| 0
007 ta
008 Pun
020 _a9789380825144 (hbk)
_c225
024 _a284,551
037 _b921, 20/03/2015, H.K. Prakashan
_cTextual
040 _aARTS
_cARTS
_bPun
041 _2Pun
_aPun
082 _aP153, 153Q0
100 _aਢੀ੍ਵਗਰਾ, ਪਰਮਜੀਤ ਸਿੰਘ
245 0 _aਭਾFਾ
_b ਪ੍ਰਬੰਧ ਤੇ ਵਿਹਾਰ
260 _aਜਲੰਧਰ
_b ਦੀਪਕ ਪਬਲਿFਰਗ਼
_c2010
300 _a176ਪੰ
_ccm.
650 _aਪੰਜਾਬੀ ਭਾFਾ
942 _hP153, 153Q0
_cTEXL
_2CC
999 _c300321
_d300321